000
00256nam a22001217a 4500
003
SGT
082
_a
615
_b
BHA
100
_a
BHARATH, S.
245
_a
PHARMACEUTICAL TECHNOLOGY
260
_a
INDIA
_b
PEARSON PUB.
_c
2013
300
_a
330
942
_2
ddc
_c
BK
999
_c
32504
_d
32504